000 00439nam a22001817a 4500
003 MPLRDC
005 20220104114544.0
008 210129b ||||| |||| 00| 0 eng d
020 _a7-5063-0023-0
082 _a782.877 HJR
100 _a赖云青、何玳丽
245 _a大亨黄金荣
_c
250 _a一版一刷
260 _a
_b作家出版社
_c1987
300 _b
650 _a黄金荣传记
942 _cBK
_o782.877 HJR
999 _c8404
_d8394